000
00218nam a2200097Ia 4500
005
20251222175820.0
008
251222s9999||||xx |||||||||||||| ||spa||
082
_a
DVD0070/K96/1952
245
0
_a
Vivir:Ikiru
942
_c
DVD
999
_c
40457
_d
40457